000 00371nam a2200157Ia 4500
008 230524s9999 xx 000 0 und d
082 _a510.15
_bKRI
100 _aEr.Krishnamurty
245 0 _aNumerical Algorithms
250 _a1ST
260 _aNEW DELHI
_bEWP
_c1997
300 _aXXII;629
500 _aQuantity Number: 10
650 _aMathematics
942 _cBK
999 _c17878
_d17878